[Event "Irena Warakomska Memorial A"]
[Site "Suwalki"]
[Date "2021.07.29"]
[Round "4"]
[White "Pultinevicius, Paulius"]
[Black "Chatalbashev, Boris"]
[Result "1/2-1/2"]
[Board "2"]
[WhiteElo "2492"]
[WhiteTitle "GM"]
[WhiteCountry "LTU"]
[WhiteFideId "12809390"]
[WhiteEloChange "1"]
[BlackElo "2535"]
[BlackTitle "GM"]
[BlackCountry "DEN"]
[BlackFideId "2900440"]
[BlackEloChange "-1"]

1. d4 {[%clk 1:30:50]} d5 {[%clk 1:30:57]} 2. c4 {[%clk 1:31:15]} Nc6 {[%clk
1:31:23]} 3. Nf3 {[%clk 1:31:10]} Bg4 {[%clk 1:31:36]} 4. cxd5 {[%clk 1:31:34]}
Bxf3 {[%clk 1:32:01]} 5. gxf3 {[%clk 1:32:00]} Qxd5 {[%clk 1:32:24]} 6. e3 {[%clk
1:32:26]} e5 {[%clk 1:32:41]} 7. Nc3 {[%clk 1:32:52]} Bb4 {[%clk 1:33:00]} 8. Bd2
{[%clk 1:33:19]} Bxc3 {[%clk 1:33:22]} 9. bxc3 {[%clk 1:33:45]} Qd6 {[%clk
1:33:18]} 10. Rb1 {[%clk 1:33:00]} b6 {[%clk 1:32:27]} 11. Rg1 {[%clk 1:26:05]}
g6 {[%clk 1:29:04]} 12. f4 {[%clk 1:23:44]} exf4 {[%clk 1:29:28]} 13. e4 {[%clk
1:24:11]} Nge7 {[%clk 1:29:52]} 14. Qf3 {[%clk 1:24:14]} Qa3 {[%clk 1:22:57]} 15.
d5 {[%clk 1:13:56]} Qxa2 {[%clk 1:14:00]} 16. Rd1 {[%clk 1:13:03]} Ne5 {[%clk
1:03:58]} 17. Qxf4 {[%clk 1:13:08]} Nc4 {[%clk 1:04:09]} 18. Qf6 {[%clk 1:02:51]}
O-O-O {[%clk 1:03:08]} 19. Qxe7 {[%clk 0:54:38]} Rhe8 {[%clk 1:03:03]} 20. Bxc4
{[%clk 0:49:18]} Qxc4 {[%clk 1:03:11]} 21. Qxf7 {[%clk 0:47:26]} Rxe4+ {[%clk
1:01:46]} 22. Be3 {[%clk 0:47:52]} Qxc3+ {[%clk 0:59:33]} 23. Ke2 {[%clk
0:48:09]} Qc4+ {[%clk 0:47:12]} 24. Kf3 {[%clk 0:44:31]} Rd7 {[%clk 0:34:55]} 25.
Qg8+ {[%clk 0:43:14]} Rd8 {[%clk 0:34:56]} 26. Qxh7 {[%clk 0:31:18]} Rf8+ {[%clk
0:33:43]} 27. Kg3 {[%clk 0:31:20]} g5 {[%clk 0:22:24]} 28. h3 {[%clk 0:18:21]}
Rxe3+ {[%clk 0:11:00]} 29. fxe3 {[%clk 0:18:48]} Qe2 {[%clk 0:11:24]} 30. Rde1
{[%clk 0:15:27]} Qf2+ {[%clk 0:11:13]} 31. Kg4 {[%clk 0:15:52]} Qf3+ {[%clk
0:11:20]} 32. Kxg5 {[%clk 0:16:18]} Qf6+ {[%clk 0:06:58]} 33. Kh5 {[%clk
0:16:38]} Qf3+ {[%clk 0:06:57]} 34. Kg5 {[%clk 0:13:33]} Qf6+ {[%clk 0:06:54]}
35. Kh5 {[%clk 0:13:26]} Qf3+ {[%clk 0:07:17]} 36. Kg5 {[%clk 0:13:45]} 1/2-1/2

[Event "Irena Warakomska Memorial A"]
[Site "Suwalki"]
[Date "2021.07.29"]
[Round "4"]
[White "Lewtak, Damian"]
[Black "Jakubowski, Krzysztof"]
[Result "0-1"]
[Board "3"]
[WhiteElo "2380"]
[WhiteTitle "IM"]
[WhiteCountry "POL"]
[WhiteFideId "1141724"]
[WhiteEloChange "-7"]
[BlackElo "2497"]
[BlackTitle "GM"]
[BlackCountry "POL"]
[BlackFideId "1112848"]
[BlackEloChange "3"]

1. d4 {[%clk 1:30:58]} Nf6 {[%clk 1:30:52]} 2. c3 {[%clk 1:31:25]} d6 {[%clk
1:31:16]} 3. Bf4 {[%clk 1:31:48]} Nbd7 {[%clk 1:31:39]} 4. e3 {[%clk 1:30:45]} e5
{[%clk 1:31:51]} 5. Bg3 {[%clk 1:30:43]} g6 {[%clk 1:32:09]} 6. dxe5 {[%clk
1:30:12]} dxe5 {[%clk 1:32:30]} 7. Nf3 {[%clk 1:30:10]} Qe7 {[%clk 1:32:24]} 8.
Nbd2 {[%clk 1:28:24]} Bg7 {[%clk 1:32:39]} 9. e4 {[%clk 1:27:17]} O-O {[%clk
1:32:45]} 10. Bh4 {[%clk 1:26:16]} h6 {[%clk 1:28:54]} 11. Bxf6 {[%clk 1:26:18]}
Bxf6 {[%clk 1:28:42]} 12. Bc4 {[%clk 1:26:19]} a5 {[%clk 1:29:00]} 13. a4 {[%clk
1:26:35]} Rd8 {[%clk 1:28:50]} 14. O-O {[%clk 1:23:44]} Nc5 {[%clk 1:29:04]} 15.
Qc2 {[%clk 1:22:48]} Bd7 {[%clk 1:28:44]} 16. b3 {[%clk 1:20:20]} h5 {[%clk
1:26:19]} 17. Rfe1 {[%clk 1:16:57]} h4 {[%clk 1:23:39]} 18. h3 {[%clk 1:13:22]}
Bg7 {[%clk 1:18:27]} 19. Nf1 {[%clk 1:09:56]} Qf6 {[%clk 1:13:52]} 20. Ne3 {[%clk
1:05:21]} Bxh3 {[%clk 0:58:03]} 21. Nd5 {[%clk 1:04:05]} Rxd5 {[%clk 0:58:20]}
22. exd5 {[%clk 1:03:14]} Bxg2 {[%clk 0:57:24]} 23. Nxh4 {[%clk 0:49:32]} Qxh4
{[%clk 0:45:06]} 24. Kxg2 {[%clk 0:49:45]} Qg4+ {[%clk 0:45:25]} 25. Kf1 {[%clk
0:50:06]} Qh3+ {[%clk 0:45:28]} 26. Ke2 {[%clk 0:50:01]} Qh5+ {[%clk 0:37:52]}
27. Kf1 {[%clk 0:50:25]} e4 {[%clk 0:37:51]} 28. Rad1 {[%clk 0:48:01]} Qh3+
{[%clk 0:31:27]} 29. Kg1 {[%clk 0:45:58]} Qg4+ {[%clk 0:28:43]} 30. Kf1 {[%clk
0:45:57]} Qh3+ {[%clk 0:28:50]} 31. Kg1 {[%clk 0:46:22]} Be5 {[%clk 0:29:13]} 32.
Re3 {[%clk 0:45:29]} Bh2+ {[%clk 0:29:09]} 33. Kh1 {[%clk 0:45:54]} Bg3+ {[%clk
0:29:34]} 34. Kg1 {[%clk 0:46:11]} Bh2+ {[%clk 0:29:06]} 35. Kh1 {[%clk 0:46:27]}
Bg3+ {[%clk 0:29:32]} 36. Kg1 {[%clk 0:46:49]} Qh2+ {[%clk 0:29:54]} 37. Kf1
{[%clk 0:47:12]} Bf4 {[%clk 0:30:19]} 38. Rde1 {[%clk 0:44:49]} Re8 {[%clk
0:24:47]} 39. b4 {[%clk 0:44:29]} Qh1+ {[%clk 0:14:36]} 40. Ke2 {[%clk 1:13:47]}
Qh5+ {[%clk 0:45:02]} 41. Kf1 {[%clk 1:13:41]} Bxe3 {[%clk 0:39:30]} 42. Rxe3
{[%clk 1:12:43]} Nd7 {[%clk 0:37:41]} 43. Bb5 {[%clk 1:03:31]} Qxd5 {[%clk
0:34:31]} 44. Bxd7 {[%clk 1:03:54]} Qxd7 {[%clk 0:34:57]} 45. Rxe4 {[%clk
1:03:59]} Qh3+ {[%clk 0:27:01]} 46. Kg1 {[%clk 1:04:19]} Rd8 {[%clk 0:27:09]} 47.
bxa5 {[%clk 0:59:43]} Rd5 {[%clk 0:11:12]} 48. Re3 {[%clk 0:52:40]} Rg5+ {[%clk
0:11:21]} 0-1

[Event "Irena Warakomska Memorial A"]
[Site "Suwalki"]
[Date "2021.07.29"]
[Round "4"]
[White "Szadkowski, Kamil"]
[Black "Kosakowski, Jakub"]
[Result "0-1"]
[Board "4"]
[WhiteElo "2282"]
[WhiteTitle "FM"]
[WhiteCountry "POL"]
[WhiteFideId "1123203"]
[WhiteEloChange "-6"]
[BlackElo "2417"]
[BlackTitle "IM"]
[BlackCountry "POL"]
[BlackFideId "1185080"]
[BlackEloChange "3"]

1. e4 {[%clk 1:30:56]} c5 {[%clk 1:30:09]} 2. Nf3 {[%clk 1:31:21]} d6 {[%clk
1:30:23]} 3. d4 {[%clk 1:31:45]} cxd4 {[%clk 1:30:43]} 4. Nxd4 {[%clk 1:32:09]}
Nf6 {[%clk 1:31:06]} 5. Nc3 {[%clk 1:32:34]} a6 {[%clk 1:31:27]} 6. Bc4 {[%clk
1:32:26]} e6 {[%clk 1:31:35]} 7. Bb3 {[%clk 1:32:48]} b5 {[%clk 1:31:34]} 8. O-O
{[%clk 1:30:42]} Be7 {[%clk 1:31:32]} 9. Qf3 {[%clk 1:24:15]} Qb6 {[%clk
1:30:27]} 10. Be3 {[%clk 1:12:32]} Qb7 {[%clk 1:29:58]} 11. a3 {[%clk 1:11:12]}
Nbd7 {[%clk 1:25:38]} 12. Qg3 {[%clk 1:09:03]} Nc5 {[%clk 1:18:42]} 13. f3 {[%clk
1:06:05]} Nxb3 {[%clk 1:18:18]} 14. Nxb3 {[%clk 1:06:25]} O-O {[%clk 1:17:36]}
15. Rae1 {[%clk 1:05:59]} a5 {[%clk 1:10:44]} 16. e5 {[%clk 0:58:20]} dxe5 {[%clk
1:10:42]} 17. Qxe5 {[%clk 0:58:36]} b4 {[%clk 1:08:48]} 18. axb4 {[%clk 0:58:02]}
axb4 {[%clk 1:08:47]} 19. Ne4 {[%clk 0:58:16]} Nd5 {[%clk 1:07:53]} 20. Bc5
{[%clk 0:52:10]} f6 {[%clk 1:05:35]} 21. Qd4 {[%clk 0:51:44]} e5 {[%clk 1:04:29]}
22. Qd2 {[%clk 0:49:11]} Be6 {[%clk 0:53:31]} 23. f4 {[%clk 0:40:41]} Nxf4 {[%clk
0:27:02]} 24. Rxf4 {[%clk 0:33:29]} Bxb3 {[%clk 0:21:14]} 25. Bxe7 {[%clk
0:33:06]} Qxe7 {[%clk 0:21:37]} 26. Nxf6+ {[%clk 0:32:21]} Rxf6 {[%clk 0:20:07]}
27. Rxf6 {[%clk 0:32:28]} gxf6 {[%clk 0:20:15]} 28. cxb3 {[%clk 0:32:50]} Rd8
{[%clk 0:20:13]} 29. Qe2 {[%clk 0:32:59]} Qc5+ {[%clk 0:20:22]} 30. Kh1 {[%clk
0:32:46]} Qd4 {[%clk 0:15:48]} 31. h3 {[%clk 0:31:52]} Kh8 {[%clk 0:15:13]} 32.
Qh5 {[%clk 0:29:54]} Qf2 {[%clk 0:13:52]} 33. Re4 {[%clk 0:28:04]} Rg8 {[%clk
0:12:04]} 34. Re2 {[%clk 0:26:14]} Qf1+ {[%clk 0:12:17]} 35. Kh2 {[%clk 0:26:41]}
Qf4+ {[%clk 0:12:39]} 36. Kg1 {[%clk 0:26:32]} Rc8 {[%clk 0:11:06]} 37. Re1
{[%clk 0:25:28]} Qd4+ {[%clk 0:09:04]} 38. Kh1 {[%clk 0:22:52]} Qf2 {[%clk
0:08:56]} 39. Qd1 {[%clk 0:20:49]} Rg8 {[%clk 0:02:20]} 40. Re2 {[%clk 0:50:14]}
Qf4 {[%clk 0:32:47]} 41. Rd2 {[%clk 0:40:50]} e4 {[%clk 0:30:05]} 42. Rd8 {[%clk
0:38:54]} e3 {[%clk 0:28:53]} 43. Rxg8+ {[%clk 0:39:19]} Kxg8 {[%clk 0:29:17]}
44. Qd8+ {[%clk 0:39:09]} Kg7 {[%clk 0:29:16]} 45. Qe7+ {[%clk 0:39:31]} Kg6
{[%clk 0:26:36]} 46. Qe8+ {[%clk 0:39:51]} Kg5 {[%clk 0:24:56]} 47. Qg8+ {[%clk
0:39:20]} Kh6 {[%clk 0:23:33]} 48. Qf8+ {[%clk 0:39:17]} Kh5 {[%clk 0:23:48]} 49.
Qg7 {[%clk 0:38:00]} e2 {[%clk 0:19:19]} 50. Qxh7+ {[%clk 0:37:12]} Kg5 {[%clk
0:19:33]} 51. Qg7+ {[%clk 0:36:53]} Kh4 {[%clk 0:19:48]} 52. g3+ {[%clk 0:35:17]}
Kxh3 {[%clk 0:20:13]} 53. Qh7+ {[%clk 0:35:27]} Kxg3 {[%clk 0:20:15]} 54. Qh2+
{[%clk 0:35:32]} Kg4 {[%clk 0:19:37]} 55. Qg2+ {[%clk 0:35:41]} Kf5 {[%clk
0:19:50]} 56. Qd5+ {[%clk 0:35:51]} Qe5 {[%clk 0:20:14]} 57. Qf3+ {[%clk
0:35:31]} Kg6 {[%clk 0:20:16]} 58. Qg3+ {[%clk 0:35:48]} Kf7 {[%clk 0:20:40]} 0-1

[Event "Irena Warakomska Memorial A"]
[Site "Suwalki"]
[Date "2021.07.29"]
[Round "4"]
[White "Nowak, Mikolaj"]
[Black "Licznerski, Lukasz"]
[Result "0-1"]
[Board "5"]
[WhiteElo "2310"]
[WhiteCountry "POL"]
[WhiteFideId "1191365"]
[WhiteEloChange "-7"]
[BlackElo "2400"]
[BlackTitle "FM"]
[BlackCountry "POL"]
[BlackFideId "1179250"]
[BlackEloChange "4"]

1. e4 {[%clk 1:30:56]} c6 {[%clk 1:27:29]} 2. d4 {[%clk 1:31:20]} d5 {[%clk
1:27:58]} 3. exd5 {[%clk 1:31:42]} cxd5 {[%clk 1:28:23]} 4. c4 {[%clk 1:32:07]}
Nf6 {[%clk 1:28:47]} 5. Nc3 {[%clk 1:32:32]} g6 {[%clk 1:27:15]} 6. Qb3 {[%clk
1:32:55]} Bg7 {[%clk 1:27:41]} 7. cxd5 {[%clk 1:33:17]} O-O {[%clk 1:27:59]} 8.
Be2 {[%clk 1:33:39]} Na6 {[%clk 1:23:27]} 9. Bf3 {[%clk 1:31:45]} Qb6 {[%clk
1:23:28]} 10. Nge2 {[%clk 1:32:06]} Qxb3 {[%clk 1:08:26]} 11. axb3 {[%clk
1:32:10]} Nb4 {[%clk 1:08:24]} 12. O-O {[%clk 1:32:28]} Rd8 {[%clk 1:07:35]} 13.
Ra5 {[%clk 1:32:48]} a6 {[%clk 1:01:16]} 14. Na4 {[%clk 1:32:59]} b5 {[%clk
0:54:22]} 15. Nb6 {[%clk 1:19:08]} Rb8 {[%clk 0:53:25]} 16. Nxc8 {[%clk 1:15:36]}
Rbxc8 {[%clk 0:53:49]} 17. Nc3 {[%clk 1:07:30]} Nfxd5 {[%clk 0:53:04]} 18. Nxd5
{[%clk 1:06:30]} Nxd5 {[%clk 0:53:31]} 19. Rxa6 {[%clk 1:02:48]} Bxd4 {[%clk
0:53:29]} 20. Bd2 {[%clk 0:47:35]} Rc2 {[%clk 0:44:49]} 21. Ba5 {[%clk 0:44:25]}
Rd7 {[%clk 0:44:51]} 22. Ra8+ {[%clk 0:41:49]} Kg7 {[%clk 0:45:09]} 23. Rb8
{[%clk 0:40:56]} b4 {[%clk 0:23:23]} 24. Bxd5 {[%clk 0:21:47]} Rxd5 {[%clk
0:23:52]} 25. Bxb4 {[%clk 0:16:35]} Rxf2 {[%clk 0:21:32]} 26. Rxf2 {[%clk
0:16:34]} Ba7 {[%clk 0:22:00]} 27. Kf1 {[%clk 0:14:23]} Bxb8 {[%clk 0:22:23]} 28.
Bxe7 {[%clk 0:14:27]} Bxh2 {[%clk 0:22:34]} 29. Bf6+ {[%clk 0:13:56]} Kf8 {[%clk
0:22:33]} 30. Bc3 {[%clk 0:12:07]} Ke7 {[%clk 0:16:32]} 31. Rf3 {[%clk 0:11:32]}
Bd6 {[%clk 0:09:47]} 32. Ke2 {[%clk 0:10:37]} h5 {[%clk 0:09:34]} 33. Re3+ {[%clk
0:09:44]} Kd7 {[%clk 0:09:45]} 34. Re4 {[%clk 0:09:55]} Rg5 {[%clk 0:09:44]} 35.
Kf3 {[%clk 0:09:37]} Rb5 {[%clk 0:09:22]} 36. b4 {[%clk 0:09:49]} f5 {[%clk
0:09:31]} 37. Rd4 {[%clk 0:09:26]} g5 {[%clk 0:09:29]} 38. Ke2 {[%clk 0:07:05]}
Ke6 {[%clk 0:06:04]} 39. Rc4 {[%clk 0:06:16]} h4 {[%clk 0:04:13]} 40. Bd2 {[%clk
0:35:08]} f4 {[%clk 0:30:33]} 41. Rd4 {[%clk 0:32:12]} Be5 {[%clk 0:19:31]} 42.
Rd8 {[%clk 0:32:11]} Bxb2 {[%clk 0:18:06]} 43. Kf3 {[%clk 0:31:46]} Bf6 {[%clk
0:18:21]} 44. Rf8 {[%clk 0:30:59]} Rd5 {[%clk 0:17:40]} 45. Bxf4 {[%clk 0:28:02]}
Rf5 {[%clk 0:15:41]} 46. Re8+ {[%clk 0:28:26]} Be7 {[%clk 0:16:05]} 0-1

[Event "Irena Warakomska Memorial A"]
[Site "Suwalki"]
[Date "2021.07.29"]
[Round "4"]
[White "Socko, Monika"]
[Black "Nurkiewicz, Maciej"]
[Result "1/2-1/2"]
[Board "6"]
[WhiteElo "2393"]
[WhiteTitle "GM"]
[WhiteCountry "POL"]
[WhiteFideId "1106619"]
[WhiteEloChange "-1"]
[BlackElo "2342"]
[BlackCountry "POL"]
[BlackFideId "1107046"]
[BlackEloChange "1"]

1. d4 {[%clk 1:30:57]} Nf6 {[%clk 1:30:40]} 2. c4 {[%clk 1:31:20]} c5 {[%clk
1:30:47]} 3. d5 {[%clk 1:31:38]} b5 {[%clk 1:31:08]} 4. cxb5 {[%clk 1:32:03]} a6
{[%clk 1:31:33]} 5. bxa6 {[%clk 1:32:27]} Bxa6 {[%clk 1:31:43]} 6. Nc3 {[%clk
1:32:32]} d6 {[%clk 1:31:52]} 7. Nf3 {[%clk 1:32:43]} g6 {[%clk 1:32:05]} 8. g3
{[%clk 1:33:08]} Bg7 {[%clk 1:32:24]} 9. Bg2 {[%clk 1:33:32]} Nbd7 {[%clk
1:31:07]} 10. O-O {[%clk 1:33:55]} Nb6 {[%clk 1:21:08]} 11. Rb1 {[%clk 1:22:22]}
Bc4 {[%clk 1:20:13]} 12. Nd2 {[%clk 1:15:10]} Bxa2 {[%clk 1:19:59]} 13. Nxa2
{[%clk 1:15:22]} Rxa2 {[%clk 1:20:23]} 14. Qb3 {[%clk 1:15:39]} Ra8 {[%clk
1:16:52]} 15. Nc4 {[%clk 1:02:33]} Nxc4 {[%clk 1:16:11]} 16. Qxc4 {[%clk
1:03:00]} O-O {[%clk 1:14:12]} 17. Bd2 {[%clk 1:02:38]} Qb6 {[%clk 1:01:57]} 18.
b4 {[%clk 0:59:40]} cxb4 {[%clk 0:50:51]} 19. Rxb4 {[%clk 0:53:55]} Qa6 {[%clk
0:50:32]} 20. Bf3 {[%clk 0:52:51]} Qxc4 {[%clk 0:46:37]} 21. Rxc4 {[%clk
0:53:18]} Ra2 {[%clk 0:46:44]} 22. Bf4 {[%clk 0:51:01]} Nd7 {[%clk 0:38:54]} 23.
Rc7 {[%clk 0:49:30]} Rd8 {[%clk 0:38:46]} 24. Rfc1 {[%clk 0:44:35]} Ra1 {[%clk
0:38:22]} 25. Rxa1 {[%clk 0:40:17]} Bxa1 {[%clk 0:38:39]} 26. Bd2 {[%clk
0:40:39]} Bf6 {[%clk 0:37:01]} 27. e4 {[%clk 0:38:38]} Kg7 {[%clk 0:31:28]} 28.
Be3 {[%clk 0:37:19]} Ne5 {[%clk 0:26:57]} 29. Be2 {[%clk 0:37:07]} g5 {[%clk
0:26:46]} 30. Kg2 {[%clk 0:27:31]} 1/2-1/2

[Event "Irena Warakomska Memorial A"]
[Site "Suwalki"]
[Date "2021.07.29"]
[Round "4"]
[White "Rozentalis, Eduardas"]
[Black "Krawczyk, Flawian"]
[Result "1/2-1/2"]
[Board "7"]
[WhiteElo "2520"]
[WhiteTitle "GM"]
[WhiteCountry "LTU"]
[WhiteFideId "12800023"]
[WhiteEloChange "-4"]
[BlackElo "1984"]
[BlackCountry "POL"]
[BlackFideId "21881413"]
[BlackEloChange "8"]

1. e4 {[%clk 1:30:56]} c5 {[%clk 1:30:49]} 2. Nf3 {[%clk 1:31:12]} d6 {[%clk
1:31:12]} 3. c3 {[%clk 1:29:00]} Nf6 {[%clk 1:31:06]} 4. Bd3 {[%clk 1:29:12]} g6
{[%clk 1:30:48]} 5. O-O {[%clk 1:28:35]} Bg7 {[%clk 1:31:12]} 6. Bb5+ {[%clk
1:26:54]} Bd7 {[%clk 1:31:01]} 7. Bxd7+ {[%clk 1:27:17]} Qxd7 {[%clk 1:30:53]} 8.
Re1 {[%clk 1:27:37]} O-O {[%clk 1:30:12]} 9. d4 {[%clk 1:28:03]} Nc6 {[%clk
1:29:15]} 10. d5 {[%clk 1:27:01]} Ne5 {[%clk 1:28:51]} 11. Nxe5 {[%clk 1:26:16]}
dxe5 {[%clk 1:29:16]} 12. c4 {[%clk 1:26:13]} Ne8 {[%clk 1:29:39]} 13. Nc3 {[%clk
1:23:06]} Nd6 {[%clk 1:29:50]} 14. Qe2 {[%clk 1:22:17]} f5 {[%clk 1:29:05]} 15.
exf5 {[%clk 1:21:25]} gxf5 {[%clk 1:28:24]} 16. f3 {[%clk 1:21:38]} Kh8 {[%clk
1:12:30]} 17. Be3 {[%clk 1:18:43]} b6 {[%clk 1:12:49]} 18. a4 {[%clk 1:17:27]} e4
{[%clk 1:02:10]} 19. Bf4 {[%clk 1:16:10]} e5 {[%clk 0:58:20]} 20. dxe6 {[%clk
1:15:21]} Qxe6 {[%clk 0:58:46]} 21. Nb5 {[%clk 1:00:11]} Nxb5 {[%clk 0:49:59]}
22. axb5 {[%clk 1:00:19]} Qf6 {[%clk 0:50:26]} 23. fxe4 {[%clk 0:47:00]} fxe4
{[%clk 0:50:23]} 24. g3 {[%clk 0:47:26]} Qxb2 {[%clk 0:47:58]} 25. Qxb2 {[%clk
0:45:04]} Bxb2 {[%clk 0:48:24]} 26. Ra2 {[%clk 0:44:23]} Bd4+ {[%clk 0:48:51]}
27. Kg2 {[%clk 0:44:36]} Rfe8 {[%clk 0:49:14]} 28. Ree2 {[%clk 0:40:59]} Re7
{[%clk 0:45:31]} 29. Ra3 {[%clk 0:37:33]} Kg7 {[%clk 0:45:11]} 30. Bg5 {[%clk
0:32:47]} Bf6 {[%clk 0:43:45]} 31. Bf4 {[%clk 0:31:20]} Rd8 {[%clk 0:42:22]} 32.
Rea2 {[%clk 0:28:18]} Rdd7 {[%clk 0:38:38]} 33. Bb8 {[%clk 0:25:57]} Rb7 {[%clk
0:39:02]} 34. Bf4 {[%clk 0:25:01]} Kg6 {[%clk 0:37:58]} 35. Ra6 {[%clk 0:23:53]}
Bc3 {[%clk 0:32:35]} 36. Bd6 {[%clk 0:19:25]} Re6 {[%clk 0:30:40]} 37. Bxc5
{[%clk 0:10:28]} e3 {[%clk 0:29:05]} 38. Re2 {[%clk 0:10:13]} Bd2 {[%clk
0:29:07]} 39. Ra2 {[%clk 0:06:38]} Rd7 {[%clk 0:25:50]} 40. Ba3 {[%clk 0:36:47]}
Rf6 {[%clk 0:54:46]} 41. c5 {[%clk 0:30:58]} Rdf7 {[%clk 0:53:53]} 42. Raxd2
{[%clk 0:30:39]} exd2 {[%clk 0:54:16]} 43. Rxd2 {[%clk 0:31:05]} bxc5 {[%clk
0:54:18]} 44. Bxc5 {[%clk 0:31:18]} Rb7 {[%clk 0:52:42]} 45. Ra2 {[%clk 0:31:11]}
Rxb5 {[%clk 0:51:39]} 46. Bxa7 {[%clk 0:31:22]} h5 {[%clk 0:51:30]} 47. Be3
{[%clk 0:30:28]} Re6 {[%clk 0:51:47]} 48. Bf4 {[%clk 0:30:34]} Kf5 {[%clk
0:50:15]} 49. Rf2 {[%clk 0:30:36]} Kg6 {[%clk 0:50:43]} 1/2-1/2

[Event "Irena Warakomska Memorial A"]
[Site "Suwalki"]
[Date "2021.07.29"]
[Round "4"]
[White "Tomczak, Jacek"]
[Black "Antolak, Julia"]
[Result "1-0"]
[Board "8"]
[WhiteElo "2603"]
[WhiteTitle "GM"]
[WhiteCountry "POL"]
[WhiteFideId "1124668"]
[WhiteEloChange "2"]
[BlackElo "2309"]
[BlackTitle "WIM"]
[BlackCountry "POL"]
[BlackFideId "1159569"]
[BlackEloChange "-3"]

1. e4 {[%clk 1:30:57]} c5 {[%clk 1:30:50]} 2. Nf3 {[%clk 1:31:06]} d6 {[%clk
1:31:15]} 3. Bb5+ {[%clk 1:30:56]} Nd7 {[%clk 1:31:10]} 4. c3 {[%clk 1:31:06]} a6
{[%clk 1:30:56]} 5. Ba4 {[%clk 1:31:03]} b5 {[%clk 1:29:44]} 6. Bc2 {[%clk
1:31:24]} c4 {[%clk 1:28:46]} 7. b3 {[%clk 1:16:21]} Bb7 {[%clk 1:25:20]} 8. Qe2
{[%clk 1:11:46]} Qc7 {[%clk 1:22:50]} 9. bxc4 {[%clk 1:10:52]} bxc4 {[%clk
1:23:08]} 10. Na3 {[%clk 1:10:55]} Rc8 {[%clk 1:21:05]} 11. Rb1 {[%clk 1:10:00]}
e6 {[%clk 1:05:42]} 12. Nxc4 {[%clk 0:49:17]} Ngf6 {[%clk 1:01:13]} 13. O-O
{[%clk 0:46:17]} Be7 {[%clk 0:55:06]} 14. Ba3 {[%clk 0:35:02]} Ba8 {[%clk
0:47:29]} 15. Bd3 {[%clk 0:33:24]} Bxe4 {[%clk 0:31:05]} 16. Bxe4 {[%clk
0:32:09]} Nxe4 {[%clk 0:30:32]} 17. Qxe4 {[%clk 0:32:11]} d5 {[%clk 0:19:10]} 18.
Qe3 {[%clk 0:22:20]} Qxc4 {[%clk 0:18:31]} 19. Bxe7 {[%clk 0:22:38]} Kxe7 {[%clk
0:18:57]} 20. Rb7 {[%clk 0:21:27]} Rc7 {[%clk 0:17:49]} 21. Qg5+ {[%clk 0:20:30]}
Nf6 {[%clk 0:15:43]} 22. Ne5 {[%clk 0:20:07]} Qc5 {[%clk 0:12:03]} 23. Qxg7
{[%clk 0:10:27]} Rf8 {[%clk 0:11:12]} 24. Rfb1 {[%clk 0:05:52]} Ne4 {[%clk
0:09:39]} 25. Nd3 {[%clk 0:03:37]} Qc6 {[%clk 0:08:31]} 26. R7b6 {[%clk 0:03:03]}
Qc4 {[%clk 0:06:36]} 27. Nf4 {[%clk 0:01:50]} Nxd2 {[%clk 0:01:24]} 28. Rxe6+
{[%clk 0:01:31]} Kd7 {[%clk 0:01:49]} 29. Qxf8 {[%clk 0:01:44]} fxe6 {[%clk
0:00:44]} 30. Qf7+ {[%clk 0:02:05]} Kd6 {[%clk 0:00:42]} 31. Qxe6+ {[%clk
0:02:29]} Kc5 {[%clk 0:01:10]} 32. Qb6# {[%clk 0:02:53]} 1-0

[Event "Irena Warakomska Memorial A"]
[Site "Suwalki"]
[Date "2021.07.29"]
[Round "4"]
[White "Sliwicka, Alicja"]
[Black "Nasuta, Grzegorz"]
[Result "0-1"]
[Board "9"]
[WhiteElo "2308"]
[WhiteTitle "WIM"]
[WhiteCountry "POL"]
[WhiteFideId "1150677"]
[WhiteEloChange "-5"]
[BlackElo "2518"]
[BlackTitle "GM"]
[BlackCountry "POL"]
[BlackFideId "1141686"]
[BlackEloChange "2"]

1. e4 {[%clk 1:30:57]} c5 {[%clk 1:30:56]} 2. Nf3 {[%clk 1:31:21]} e6 {[%clk
1:31:18]} 3. d4 {[%clk 1:31:46]} cxd4 {[%clk 1:31:44]} 4. Nxd4 {[%clk 1:32:12]}
Nf6 {[%clk 1:32:00]} 5. Nc3 {[%clk 1:32:28]} Nc6 {[%clk 1:32:23]} 6. Nxc6 {[%clk
1:27:55]} bxc6 {[%clk 1:32:39]} 7. e5 {[%clk 1:28:12]} Nd5 {[%clk 1:32:58]} 8.
Ne4 {[%clk 1:28:36]} Qc7 {[%clk 1:32:54]} 9. f4 {[%clk 1:28:22]} Qb6 {[%clk
1:33:13]} 10. c4 {[%clk 1:28:44]} Bb4+ {[%clk 1:33:26]} 11. Ke2 {[%clk 1:28:53]}
f5 {[%clk 1:31:40]} 12. Nf2 {[%clk 1:17:46]} Ba6 {[%clk 1:30:31]} 13. Kf3 {[%clk
1:18:03]} Ne7 {[%clk 1:30:41]} 14. Be3 {[%clk 0:54:22]} Bc5 {[%clk 1:30:19]} 15.
Bxc5 {[%clk 0:53:50]} Qxc5 {[%clk 1:30:42]} 16. Qd6 {[%clk 0:51:15]} Qb6 {[%clk
1:29:52]} 17. b4 {[%clk 0:47:13]} c5 {[%clk 1:29:05]} 18. b5 {[%clk 0:41:27]}
Bb7+ {[%clk 1:28:04]} 19. Ke3 {[%clk 0:39:57]} Nc8 {[%clk 0:55:19]} 20. Qxb6
{[%clk 0:39:27]} axb6 {[%clk 0:55:44]} 21. a4 {[%clk 0:39:42]} d5 {[%clk
0:56:08]} 22. exd6 {[%clk 0:37:36]} Nxd6 {[%clk 0:55:50]} 23. Bd3 {[%clk
0:34:10]} Kf7 {[%clk 0:50:10]} 24. Rhg1 {[%clk 0:32:57]} Rhd8 {[%clk 0:30:05]}
25. g3 {[%clk 0:31:07]} Kf6 {[%clk 0:26:21]} 26. Rgd1 {[%clk 0:30:16]} e5 {[%clk
0:25:30]} 27. fxe5+ {[%clk 0:25:48]} Kxe5 {[%clk 0:25:59]} 28. h4 {[%clk
0:23:54]} g6 {[%clk 0:17:53]} 29. Be2 {[%clk 0:23:31]} Kf6 {[%clk 0:17:47]} 30.
Ra2 {[%clk 0:21:41]} h6 {[%clk 0:17:18]} 31. Rda1 {[%clk 0:16:18]} Rd7 {[%clk
0:15:59]} 32. g4 {[%clk 0:04:40]} g5 {[%clk 0:10:28]} 33. Nd1 {[%clk 0:03:15]}
Ne4 {[%clk 0:04:55]} 34. Bf3 {[%clk 0:02:26]} Re8 {[%clk 0:04:34]} 35. Bxe4
{[%clk 0:02:01]} Rxe4+ {[%clk 0:04:58]} 36. Kf2 {[%clk 0:02:24]} Rf4+ {[%clk
0:05:09]} 37. Ke1 {[%clk 0:02:26]} Rxg4 {[%clk 0:04:34]} 38. hxg5+ {[%clk
0:02:39]} hxg5 {[%clk 0:04:53]} 39. a5 {[%clk 0:02:06]} bxa5 {[%clk 0:04:02]} 40.
Rxa5 {[%clk 0:32:02]} Re4+ {[%clk 0:32:46]} 41. Kf1 {[%clk 0:30:50]} Rf4+ {[%clk
0:31:36]} 42. Ke1 {[%clk 0:28:01]} g4 {[%clk 0:27:11]} 43. R5a3 {[%clk 0:26:30]}
Re7+ {[%clk 0:21:59]} 44. Ne3 {[%clk 0:23:11]} g3 {[%clk 0:20:00]} 45. Kd2 {[%clk
0:23:16]} Rf2+ {[%clk 0:17:33]} 46. Kd3 {[%clk 0:23:40]} g2 {[%clk 0:15:53]} 47.
Ra7 {[%clk 0:21:35]} Be4+ {[%clk 0:15:48]} 0-1